000 00954nam a22002057a 4500
005 20260122192821.0
008 240702b ||||| |||| 00| 0 eng d
040 _cSSBUL
041 _aMyanmar
082 _223
_a၂၉၄.၃၀၉၂ အဉ်
_b၇၅၃၀ S-SL
100 0 _aအညတရဘိက္ခု
_916494
245 1 0 _aစက္ခုအလင်းသံခိပ်ကျဉ်းနှင့် စလင်းကန်လယ်ဆရာတော်ဘုရားကြီး ထေရုပ္ပတ္တိ /
_cအညတရဘိက္ခု။
250 _aဆဋ္ဌမအကြိမ်။
260 _aရန်ကုန် ၊
_c၁၉၈၈။
300 _a၂၃၅ စာ ၊
_c၁၆ စင်တီ။
500 _aS-SAT: Dr. Prof Sai Aung Tun
650 _aစလင်းကန်လယ်ဆရာတော်
_vထေရုပ္ပတ္တိ။
_945995
650 _aဝိပဿနာ
942 _2ddc
_cBK1
999 _c37198
_d37198